Statistics for 5 Biggest Cities : United Arab Emirates

Click here to take the quiz!

General Stats

  • This quiz has been taken 155 times
  • The average score is 3 of 5

Answer Stats

RankCity% Correct
2Abu Dhabi
98%
1Dubai
98%
3Sharjah
67%
4Al Ain
41%
5Ajman
36%

Score Distribution

Percentile by Number Answered

Percent of People with Each Score

Your Score History

You have not taken this quiz